Presidents With Their Dogs Quiz Stats

Quiz Updated Apr 11, 2015

Challenge
Share
Tweet
Score 0/18 Timer 04:00
1 Play Today
% Correct
John F. Kennedy
98.1%
Richard Nixon
97.7%
Barack Obama
95.7%
Bill Clinton
95.6%
George W. Bush
94.9%
George H. W. Bush
94.8%
Ronald Reagan
93.3%
Theodore Roosevelt
91%
George Washington
90.8%
% Correct
Gerald Ford
86.2%
Jimmy Carter
83.4%
Dwight D. Eisenhower
83.4%
Franklin Delano Roosevelt
75.4%
Lyndon B. Johnson
63.5%
Herbert Hoover
54.8%
Calvin Coolidge
53.7%
Warren G. Harding
44.7%
Grover Cleveland
40.8%

You're not logged in!

Compare scores with friends on all Sporcle quizzes.
Join for Free
OR
Log In

You Might Also Like...

Show Comments

Extras

Top Quizzes Today


Score Distribution

Your Account Isn't Verified!

In order to create a playlist on Sporcle, you need to verify the email address you used during registration. Go to your Sporcle Settings to finish the process.

Report this User

Report this user for behavior that violates our Community Guidelines.

Details: